00630nam a22002297a 4500003000500000005001700005008004100022010001000063011001000073035001000083040000900093082001400102100003000116245005800146260002900204300003900233490002800272650001600300650002900316700002700345830002800372CHAP20220329134028.0971013s1973 r 00010 d a14348 a15320 a19395 cCHAP a581.5bC300aCastri, Francesco dieed. aMediterranean type ecosystemsb: origin and structure aLondon :bChapman,c1973 a405 p.b: ilus. ; mapas ; gráfs. aEcological studiesv; 714aEcosistema.14aRegión mediterránea.0 aMooney, Harold A.eed.0 aEcological studiesv; 7